ՀՀ Գիտությունների ազգային ակադեմիայի հիմնարար գիտական գրադարան  =   Fundamental Scientific Library of NAS RA

Սևանա կղզի... ։ (Record no. 527854)

MARC details
000 -LEADER
fixed length control field 00755nam a2200217 a 4500
001 - CONTROL NUMBER
control field 1871646
003 - CONTROL NUMBER IDENTIFIER
control field AM-YEHGA
005 - DATE AND TIME OF LATEST TRANSACTION
control field 20250618080119.0
008 - FIXED-LENGTH DATA ELEMENTS--GENERAL INFORMATION
fixed length control field 221123s2022 ai o||||||||||||||0|arm|d
020 ## - INTERNATIONAL STANDARD BOOK NUMBER
International Standard Book Number 9789939758350
040 ## - CATALOGING SOURCE
Original cataloging agency AM-YeHGA
041 0# - LANGUAGE CODE
Language code of text/sound track or separate title arm
090 ## - LOCALLY ASSIGNED LC-TYPE CALL NUMBER (OCLC); LOCAL CALL NUMBER (RLIN)
-- 566000
100 1# - MAIN ENTRY--PERSONAL NAME
Personal name Իսահակյան, Ավիկ
9 (RLIN) 964
245 10 - TITLE STATEMENT
Title Սևանա կղզի... ։
Remainder of title Հուշապատում /
Statement of responsibility, etc. Ա. Իսահակյան ; Խմբ․՝ Վ. Դևրիկյան.
260 ## - PUBLICATION, DISTRIBUTION, ETC.
Place of publication, distribution, etc. Երևան :
Name of publisher, distributor, etc. Էդիթ Պրինտ,
Date of publication, distribution, etc. 2022.
300 ## - PHYSICAL DESCRIPTION
Extent 126 էջ + 16 ներդ․ թ․ ։
Other physical details լուսանկ․ ;
Dimensions 23 սմ.
650 14 - SUBJECT ADDED ENTRY--TOPICAL TERM
Topical term or geographic name entry element Հայ հուշագրություն
9 (RLIN) 5766
700 1# - ADDED ENTRY--PERSONAL NAME
Personal name Դևրիկյան, Վարդան Գևորգի
Relator term խմբ․
Relationship edt
942 ## - ADDED ENTRY ELEMENTS (KOHA)
Source of classification or shelving scheme Universal Decimal Classification
Koha item type Գրքեր / Books
Holdings
Withdrawn status Lost status Source of classification or shelving scheme Damaged status Not for loan Collection Home library Current library Date acquired Total checkouts Full call number Barcode Date last seen Price effective from Koha item type Public note
    Universal Decimal Classification     General Fundamental Scientific Library Fundamental Scientific Library 10/05/2023   AII/110121 FL0672231 10/05/2023 10/05/2023 Գրքեր / Books 30 Days Loan
    Universal Decimal Classification     General Fundamental Scientific Library Fundamental Scientific Library 25/01/2024   AII/111397 FL0681792 25/01/2024 25/01/2024 Գրքեր / Books 30 Days Loan
    Universal Decimal Classification     General Fundamental Scientific Library Fundamental Scientific Library 25/01/2024   AII/111398 FL0681791 25/01/2024 25/01/2024 Գրքեր / Books 30 Days Loan
    Universal Decimal Classification     General Fundamental Scientific Library Fundamental Scientific Library 25/01/2024   AII/111399 FL0681790 25/01/2024 25/01/2024 Գրքեր / Books 30 Days Loan
    Universal Decimal Classification     General Fundamental Scientific Library Fundamental Scientific Library 26/01/2024   AII/111348 FL0681997 26/01/2024 26/01/2024 Գրքեր / Books 30 Days Loan


ՀՀ ԳԱԱ հիմնարար գիտական գրադարան
ՀՀ,Երևան 0019
Մարշալ Բաղրամյան 24/6
հեռախոս:(374-10) 52-47-50
Հետադարձ կապ

All site content, except where otherwise noted, is licensed under a
Creative Commons License